Statistics for Daily Country Riddle #148

Click here to take the quiz!

General Stats

  • This quiz has been taken 74 times
  • The average score is 9 of 11

Answer Stats

TypeAnswer% Correct
Found LetterA
100%
Correctly Placed LetterA
98%
Found LetterI
98%
Found LetterY
89%
Correctly Placed LetterI
84%
Found LetterR
79%
Correctly Placed LetterR
74%
Correctly Placed LetterS
74%
Found LetterS
74%
Mystery CountrySyria
74%
Correctly Placed LetterY
74%

Score Distribution

Percentile by Number Answered

Percent of People with Each Score

Your Score History

You have not taken this quiz